000 00647nam a2200241 i 4500
001 C2-0021583
003 PPAK
005 20190630221955.0
008 970203s enka|||| ||||| | eng d
020 _a0297778005
040 _aPPAK
_beng
_cPPAK
_erda
082 0 4 _a032.02
_223
090 0 0 _a032.02
_bBES
_dR
245 0 4 _aThe best of everything
250 _aDavis, William
264 1 _aLondon :
_bWeidenfeld and Nicolson ,
300 _a217 pages :
_billustrations ;
_c23 cm
336 _2rdacontent
_atext
337 _2rdamedia
_aunmediated
338 _2rdacarrier
_avolume
650 1 0 _aEncyclopedia and dictionaries
942 _ddc
_cB
999 _c4483
_d4483